State Capitals That Beat Helena - Statistics

General Stats
  • This quiz has been taken 156 times
    89 since last reset
  • The average score is 14 of 15
Answer Stats
Rank Category State Capital % Correct
10 Closest to Denver Cheyenne | Santa Fe | Salt Lake City | Pierre | Lincoln | Topeka | Oklahoma City | Bismarck | Phoenix
100%
9 Closest to the Pacific Ocean Honolulu | Juneau | Olympia | Salem | Sacramento | Carson City | Phoenix | Boise
100%
10 Closest to Canada Juneau | Montpelier | Lansing | Augusta | Olympia | Concord | Columbus | Bismarck | Albany
99%
9 Farthest West Honolulu | Juneau | Salem | Olympia | Sacramento | Carson City | Boise | Phoenix
97%
8 Most Common as a First Name Austin | Madison | Jackson | Lincoln | Cheyenne | Trenton | Phoenix
96%
6(t) Farthest From Another State Capital Honolulu | Juneau | Phoenix | Austin | Salt Lake City | Boise(t)
96%
6 Highest Elevation Santa Fe | Cheyenne | Denver | Carson City | Salt Lake City
95%
10(t) Lowest Scrabble Value Austin | Atlanta | Boise | Salem | Trenton | Augusta | Boston | Lansing | Pierre | Dover(t) | Lincoln(t)
93%
4 Farthest North Juneau | Olympia | Bismarck
93%
4(t) Shortest Name Boise | Dover | Salem | Albany(t) | Austin(t) | Boston(t) | Denver(t) | Juneau(t) | Pierre(t) | Topeka(t)
90%
4 Coldest Average Temperature Juneau | Bismarck | Montpelier
90%
6 Smallest Area (City Proper) Annapolis | Trenton | Harrisburg | Montpelier | Pierre
89%
4 Closest to the Missouri River Bismarck | Jefferson City | Pierre
89%
3 Least Precipitation Phoenix | Carson City
78%
3 Farthest From the Ocean, a State Border or a National Border Austin | Phoenix
71%
No matching quizzes found
Score Distribution
Percent of People with Each Score
Percentile by Number Answered
Your Score History
You have not taken this quiz since the last reset